000 00741nam a2200205 a 4500
001 000024132
005 20241030114426.0
008 110119s1998 dr a 000 0 spa d
040 _aDO-SdBNP
_bspa
_cBNPHU
082 _axxx
_bD812c
100 1 _aDuarte, Isis
_92123
245 1 3 _aLa cultura política dominicana :
_bentre el paternalismo y la participación /
_cIsis Duarte, Ramonina Brea, Ramón Tejada Holguín.
260 _aSanto Domingo :
_bPontificia Universidad Católica Madre y Maestra,
_c1998.
300 _a91 p. :
_bgraf. ;
_c29 cm.
500 _aIncluye notas al pie de las páginas
504 _aBibliografía : 87-91
700 1 _aBrea, Ramonina
_98319
700 1 _aTejada Holguín, Ramón,
_d1961-
_929856
049 _aBNPD
999 _c23626
_d23626